China: foreign trade reform (Record no. 79336)

MARC details
000 -LEADER
fixed length control field 00827nam a2200205 a 4500
008 - FIXED-LENGTH DATA ELEMENTS--GENERAL INFORMATION
fixed length control field 120416s1996 ||||||||||||||||| || u
020 ## - INTERNATIONAL STANDARD BOOK NUMBER
International Standard Book Number 0821327518
050 ## - LIBRARY OF CONGRESS CALL NUMBER
Classification number IBRD(06)CS/1994/7
110 ## - MAIN ENTRY--CORPORATE NAME
Corporate name or jurisdiction name as entry element World Bank
245 10 - TITLE STATEMENT
Title China: foreign trade reform
260 ## - PUBLICATION, DISTRIBUTION, ETC.
Place of publication, distribution, etc. Washington, D.C.
Name of publisher, distributor, etc. World Bank
Date of publication, distribution, etc. 1996
300 ## - PHYSICAL DESCRIPTION
Extent xxix, 334p. : ill.
350 ## -
-- 0.00
490 ## -
-- World Bank Country Study
650 ## - SUBJECT ADDED ENTRY--TOPICAL TERM
Topical term or geographic name entry element CHINA--FOREIGN ECONOMIC RELATIONS
650 ## - SUBJECT ADDED ENTRY--TOPICAL TERM
Topical term or geographic name entry element CHINA--COMMERCIAL POLICY
650 ## - SUBJECT ADDED ENTRY--TOPICAL TERM
Topical term or geographic name entry element EXPORTS--CHINA
995 ## -
-- SPECIAL COLLECTIONS
-- 0.00
-- 026566
-- CBU-MAIN LIBRARY (Kitwe)
-- 1
-- 0.00
-- IBRD(06)CS/1994/7A
-- AVAILABLE
-- 026566
-- International Publications
995 ## -
-- SPECIAL COLLECTIONS
-- 0.00
-- 019504
-- CBU-MAIN LIBRARY (Kitwe)
-- 1
-- 0.00
-- IBRD(06)CS/1994/7B
-- AVAILABLE
-- Jul 9, 2007
-- 019504
-- International Publications
999 ## -
-- 79336
-- 79336

No items available.